|
|
|
|
| LEADER |
01292nam a2200313 a 4500 |
| 001 |
14671239 |
| 003 |
BD-DhAAL |
| 005 |
20250708123800.0 |
| 008 |
091112s2008 caua b 001 0 eng d |
| 010 |
|
|
|a \\2006940458
|
| 020 |
|
|
|a 9780761971788 (cased)
|
| 020 |
|
|
|a 9780761971795 (paper)
|
| 040 |
|
|
|a DLC
|c DLC
|d DLC
|d BD-DhAAL
|
| 082 |
0 |
0 |
|a 658.8
|2 22
|
| 100 |
1 |
|
|a Moutinho, Luiz.
|9 58583
|
| 245 |
1 |
0 |
|a Problems in marketing :
|b applying key concepts and techniques /
|c Luiz Moutinho & Charles Chien.
|
| 250 |
|
|
|a Second edition.
|
| 260 |
|
|
|a Los Angeles ;
|b New Delhi :
|b Sage Publications,
|c 2008.
|
| 300 |
|
|
|a xiii, 322 pages :
|b illustrations ;
|c 24 cm.
|
| 504 |
|
|
|a Includes bibliographical references and index.
|
| 526 |
|
|
|a BBS
|x Requisitioned by Faculties of BBS
Course name and no : N/A
|
| 541 |
1 |
|
|a Karim International
|e 00019563
|
| 650 |
|
0 |
|a Marketing.
|
| 650 |
|
0 |
|a Management.
|
| 700 |
1 |
|
|a Chien, Charles S.
|9 58691
|
| 852 |
4 |
|
|a Ayesha Abed Library
|j General shelf
|
| 942 |
0 |
0 |
|0 1
|2 ddc
|c BK
|
| 999 |
|
|
|c 5489
|d 5489
|
| 952 |
|
|
|0 0
|1 0
|2 ddc
|4 0
|6 658_800000000000000_MOU
|7 0
|9 5361
|a BRACUL
|b BRACUL
|c GEN
|d 2009-11-15
|e Karim International
|g 2139.00
|l 3
|o 658.8 MOU
|p 3010019563
|r 2020-01-28
|s 2020-01-23
|t 1
|w 2009-11-15
|y BK
|x Requisitioned by Faculties of BBS. Course name and no. "not available".
|